| 000 | 02128nam a2200505 i 4500 | ||
|---|---|---|---|
| 001 | DIGHERDER0385 | ||
| 003 | NyNyDIG | ||
| 008 | 210310s2016 sp a o6 000 f spa d | ||
| 006 | m o d | ||
| 007 | cr ||||||||||| | ||
| 035 | _a(OCoLC)1241569423 | ||
| 040 |
_aDGITA _beng _erda _epn _cDGITA |
||
| 020 |
_a9788416540198 _qeBook |
||
| 020 |
_a8416540195 _qeBook |
||
| 020 | _z9788416540181 | ||
| 020 | _z8416540187 | ||
| 041 | 1 |
_aspa _hjpn |
|
| 043 | _ae-sp--- | ||
| 050 | 1 | 4 | _aPN6790.J3 ebook |
| 110 | 2 |
_aBaraeti Āto Wākusu, _eauthor. |
|
| 240 | 1 | 0 |
_aManga de dokuha, Don Quixote. _lSpanish |
| 245 | 1 | 0 |
_aDon Quijote de la Mancha : _bla manga / _cMiguel de Cervantes ; adaptación, Variety Artworks ; traducción, Marta E. Gallego Urbiola. |
| 264 | 1 |
_a[Barcelona] : _bLa Otra H, _c[2016] |
|
| 300 |
_a1 online resource : _billustrations. |
||
| 336 |
_atext _btxt _2rdacontent |
||
| 337 |
_acomputer _bc _2rdamedia |
||
| 338 |
_aonline resource _bcr _2rdacarrier |
||
| 347 |
_atext file _2rdaft |
||
| 347 | _bEPUB | ||
| 588 | 0 | _aOnline resource; title from ePub title page (Digitalia, viewed March 25, 2021) | |
| 600 | 1 | 0 |
_aQuixote, _cDon (Fictitious character) _vComic books, strips, etc. |
| 651 | 0 |
_aSpain _xSocial life and customs _y16th century _vComic books, strips, etc. |
|
| 650 | 0 |
_aKnights and knighthood _vComic books, strips, etc. |
|
| 655 | 7 |
_aComics (Graphic works) _2lcgft |
|
| 655 | 0 | _aElectronic books. | |
| 700 | 1 |
_aGallego Urbiola, Marta E., _etranslator. |
|
| 700 | 1 |
_iGraphic novelization of (work): _aCervantes Saavedra, Miguel de, _d1547-1616. _tDon Quixote. |
|
| 710 | 2 |
_iTranslation of: _aBaraeti Āto Wākusu. _tManga de dokuha, Don Quixote. |
|
| 791 | 2 |
_aDigitalia (Firm), _edistributor. |
|
| 793 | 0 |
_gDigitalia eBook Collection: _aHerder Editorial |
|
| 776 | 0 | 8 |
_iPrint version: _aBaraeti Āto Wākusu. _sManga de dokuha, Don Quixote. Spanish. _tDon Quijote de la Mancha. _dBarcelona : La Otra H, [2016] _z9788416540181 _w(OCoLC)1027710120 |
| 856 | 4 | 0 |
_3Digitalia Hispánica _uhttps://www.digitaliapublishing.com/a/61404/ |
| 910 | _aPremium collection: 2021 | ||
| 942 | _cRAA | ||
| 999 |
_c257663 _d257663 |
||